Statistics for Boston Celtics Championship Teams

Click here to take the quiz!

General Stats

  • This quiz has been taken 77 times
    (25 since last reset)
  • The average score is 25 of 49

Answer Stats

Season(s)No.PosPlayer% Correct
20085PFKevin Garnett
100%
198632PFKevin McHale
100%
198432PFKevin McHale
100%
198132PFKevin McHale
100%
198433SFLarry Bird
100%
198133SFLarry Bird
100%
198633SFLarry Bird
100%
200834SFPaul Pierce
100%
200820SGRay Allen
95%
19810CRobert Parish
95%
19860CRobert Parish
95%
19840CRobert Parish
95%
200842SGTony Allen
95%
20089PGRajon Rondo
86%
200843CKendrick Perkins
82%
198444SGDanny Ainge
77%
198644SGDanny Ainge
77%
19843SGDennis Johnson
77%
19863PGDennis Johnson
77%
19865CBill Walton
68%
198431SFCedric Maxwell
55%
198131SFCedric Maxwell
55%
200811CGlen Davis
45%
19817PGTiny Archibald
41%
198130SFM.L. Carr
32%
198430SFM.L. Carr
32%
200844PFBrian Scalabrine
27%
200850PGEddie House
27%
200893PFP.J. Brown
27%
198142SGChris Ford
23%
198143PGGerald Henderson
23%
198443PGGerald Henderson
23%
200841SFJames Posey
23%
198420SFScott Wedman
23%
198620SFScott Wedman
23%
198450CGreg Kite
18%
198650CGreg Kite
18%
198612PGJerry Sichting
18%
20080CLeon Powe
18%
198634SGRick Carlisle
18%
198645PFDavid Thirdkill
14%
200828PGSam Cassell
14%
198611SGSam Vincent
14%
200866CScot Pollard
14%
198440SGCarlos Clark
9%
198145CEric Fernsten
9%
198428PGQuinn Buckner
9%
198153CRick Robey
9%
198140SGTerry Duerod
9%

Score Distribution

Percentile by Number Answered

Percent of People with Each Score

Your Score History

You have not taken this quiz since the last reset